[Event "FIDE World Cup 2007"]
[Site "Khanty-Mansiysk"]
[Date "2007.11.27"]
[Round "2.1"]
[White "GM Shulman, Yuri(USA)"]
[Black "GM Shirov, Alexei(ESP)"]
[Result "1/2-1/2"]
[WhiteElo "2616"]
[BlackElo "2739"]
[Annotator "Ëåáåäåâ Âàñèëèé"]
[PlyCount "52"]
[EventDate "2007.11.27"]

{Â ýòîé ïàðòèè, â êîòîðîé ïî÷òè íå áûëî ñàìîñòîÿòåëüíûõ õîäîâ, ìåíÿ
çàèíòåðåñîâàëà ïàðî÷êà ìîìåíòîâ.} 1. d4 Nf6 2. c4 g6 3. Nc3 d5 4. cxd5 Nxd5 5.
e4 Nxc3 6. bxc3 Bg7 7. Nf3 c5 8. Rb1 O-O 9. Be2 cxd4 10. cxd4 Qa5+ 11. Bd2 Qxa2
12. O-O Bg4 13. Bg5 h6 14. Be3 Nc6 15. d5 Bxf3 16. Bxf3 Ne5 17. Rxb7 e6 18.
dxe6 ({«Áûñòðûé» Êðàìíèê ïðîòèâ òàêîãî æå «ñòðåìèòåëüíîãî» Àíàíäà ïðèìåíèë
èíòåðåñíóþ èäåþ -} 18. Qe2 $5 Nxf3+ 19. Qxf3 exd5 20. exd5 a5 {
È òåïåðü, ïî-ìîåìó, ïóò¸ì} 21. d6 $1 {áåëûå ïîëó÷àëè ñåðü¸çíûå øàíñû.} (21.
Rfb1 Qc2 22. Bf4 Qc3 23. Qxc3 {
1/2 Kramnik,V (2790) - Anand,V (2770)/Monte Carlo 1998}) {Íàïðèìåð,} 21... Rfd8
({èëè} 21... a4 22. d7 Ra5 23. Rd1 Rf5 24. Qe4) 22. d7 Ra6 23. Rd1 {è ò.ä.})
18... Qxe6 19. Rxa7 ({
Îñòàâëÿòü â æèâûõ ÷¸ðíóþ ïåøêó «à», ñîõðàíÿÿ ïðè ýòîì äâóõ ñëîíîâ, ïóò¸ì} 
19. Be2 {áåëûå íå çàõîòåëè.}) 19... Rxa7 20. Bxa7 Ra8 $1 {
Àëåêñåé Øèðîâ äåìîíñòðèðóåò, âèäèìî, íàáîëåå ÷¸òêèé ïóòü ê ðàâåíñòâó.} ({
Âïðî÷åì, äîñòàòî÷íî è} 20... Nxf3+ 21. Qxf3 Re8 22. Re1 f5 23. Qe3 fxe4 24.
f3 Qc4 25. fxe4 Re7 26. Kh1 Qc3 27. Bc5 Rc7 28. Rc1 Qxe3 29. Bxe3 Rxc1+ 30.
Bxc1 Kf7 31. Kg1 Ke6 32. Kf2 Bf8 33. Kf3 Bg7 34. Ba3 Be5 35. h3 h5 36. Bc5 Bc7
{(1/2 Cazlab - Murzus/www.playchess.de 2003/MegaCorr4)}) 21. Bc5 ({Èãðó íà ñàìîïàò,
 çà êîòîðóþ ðàòóþò ñàìè çíàåòå êòî, ñòðåìÿñü âî ÷òî áû òî íè ñòàëî íå
îòäàòü ïåøêó -} 21. Be3 $5 Nxf3+ 22. gxf3 (22. Qxf3 Ra4 {è ò.ä.}) 22... Qh3 ({
ñëàáî} 22... Be5 23. Qd5) 23. Bf4 $6 Ra3 24. Bg3 h5 25. f4 {
- îñòàâèì íà ñîâåñòè òåõ æå, «ñàìè çíàåòå êîãî».}) 21... Nxf3+ 22. Qxf3 ({
Ïðè ñëîíå íà ñ5} 22. gxf3 {èìååò ñìûñë òîëüêî åñëè áåëûå íåïðåìåííî õîòÿò
çàñòàâèòü ïðîòèâíèêà îáúÿâèòü âå÷íûé øàõ.} Qh3 23. f4 ({èëè} 23. Be3 Kh7 24.
Qe2 Be5 25. f4 Ra2 $1 {ñ òåìè æå èäåÿìè}) 23... Ra5 $1 {Îé, çåâíóë! ;)} 24.
Qd8+ Kh7 25. Qxa5 Qg4+ 26. Kh1 Qf3+ 27. Kg1 $11) 22... Ra4 23. Re1 f5 24. e5
Qxe5 $1 25. Qd1 ({Ïîñëå} 25. Qb3+ Kh7 {
ÂÑÅ òÿæ¸ëûå ôèãóðû ÷¸ðíûõ ïîä áîåì, à êóøàòü èõ, î÷åâèäíî, íåëüçÿ!}) ({
È äëÿ êîìïëåêòà ïðèâåäó} 25. Rxe5 $4 Ra1+ {ñ ìàòîì.}) 25... Qxe1+ $1 {
Àëåêñåé Øèðîâ ñêàçàë æåðòâà ôåðçÿ, çíà÷èò, - áóäåò æåðòâà ôåðçÿ!} 26. Qxe1 Ra1
1/2-1/2

[Event "FIDE World Cup 2007"]
[Site "Khanty-Mansiysk"]
[Date "2007.11.27"]
[Round "2.1"]
[White "GM Aronian, Levon(ARM)"]
[Black "GM Gustafsson, Jan(GER)"]
[Result "1-0"]
[WhiteElo "2741"]
[BlackElo "2606"]
[Annotator "Ëåáåäåâ Âàñèëèé"]
[PlyCount "73"]
[EventDate "2007.11.27"]

{Î÷åðåäíóþ «àíòèìîñêîâñêóþ» ãîëîâîëîìêó âûäàë Ëåâîí Àðîíÿí â ñîàâòîðñòâå
ñ Æàíîì Ãóñòàôññîíîì. Ïîõîæå, ÷òî ïîáåäèòåëü ïðîøëîãî Êóáêà ìèðà íàêîíåö-òî
îáðåòàåò ôîðìó. Ïàðòèÿ ïîëó÷èëàñü ÷èñòî «àðîíÿíîâñêàÿ». Ïðàâäà, íå ìîãó
ñêàçàòü, ÷òîáû ÿ òóò ñëèøêîì ìíîãî ïîíÿë, íî ÷òî ïîíÿë - ðàññêàæó.} 1. d4 Nf6
2. c4 e6 3. Nf3 d5 4. Nc3 c6 5. Bg5 h6 6. Bh4 dxc4 7. e4 g5 8. Bg3 b5 9. Ne5 h5
10. h4 g4 11. Be2 Bb7 12. O-O Nbd7 13. Qc2 Nxe5 14. Bxe5 Bg7 15. Bg3 ({Îò} 15.
Rad1 {
Àðîíÿí, ðàçóìååòñÿ, îòêàçûâàåòñÿ. Ñëèøêîì ñâåæà â ïàìÿòè ñëåäóþùàÿ ïàðòèÿ -}
O-O 16. Bg3 Nd7 17. f3 c5 18. dxc5 Qe7 19. Kh1 a6 20. a4 Bc6 21. Nd5 exd5 22.
exd5 Be5 23. f4 Bg7 24. dxc6 Nxc5 25. Rd5 Ne4 26. Be1 Qe6 27. Rxh5 f5 28. Kh2
Rac8 29. Bb4 Rfe8 30. axb5 axb5 31. Re1 Qf7 32. Rg5 Nxg5 33. fxg5 Rxc6 34. Bf1
Rxe1 35. Bxe1 Re6 36. Bc3 Qc7+ 37. g3 Re3 38. Qg2 Bxc3 39. bxc3 f4 40. Qa8+ Kg7
41. Qa6 fxg3+ {(0-1 Aronian,L (2750) - Anand,V (2792)/Mexico City MEX 2007).})
15... Qxd4 16. Rad1 ({Ïîäðîáíîñòè ñëåäóþùåé ïàðòèè, à òàêæå äåáþòíûå
òîíêîñòè ìîæíî óçíàòü òóò: https://online.crestbook.com/mexico07-06.htm -} 16.
Rfd1 Qc5 17. Bd6 Qb6 18. a4 a6 19. e5 Nd7 20. a5 Qa7 21. Ne4 c5 22. Ng5 Nxe5
23. Bxe5 Bxe5 24. Bxc4 bxc4 25. Qa4+ Kf8 26. Rd7 Bd5 27. Rd1 Bd4 28. Rxa7 Rxa7
29. b3 Kg7 30. bxc4 Ba8 31. Qc2 g3 32. Rxd4 cxd4 33. Qe2 gxf2+ 34. Qxf2 Rd8 35.
Qg3 Kf8 36. Qe5 Ke8 37. Nxe6 fxe6 38. Qh8+ Ke7 39. Qg7+ Ke8 40. Qh8+ Ke7 41.
Qg7+ {1/2 Grischuk,A (2726) - Svidler,P (2735)/Mexico City MEX 2007}) 16... Qb6
17. b3 $146 ({Ðàíåå áåëûå èñïûòûâàëè çäåñü} 17. e5) ({è} 17. Qd2) 17... cxb3 {
Áèòü ÿâíî íàäî.} 18. axb3 a6 19. Rd2 (19. Qd2 $5) 19... c5 {
Ïî ýòîìó õîäó åñòü ó ìåíÿ ñîìíåíèå. Äîïóñêàòü òàêîé àêòèâíûé õîä ñîïåðíèêà.} ({
Íàâåðíîå, íå ïëîõî} 19... Nd7 $5) 20. Rd6 Qa5 (20... Bc6 $5) 21. e5 Nd7 {
È ýòî êàæåòñÿ ïàññèâíûì.} ({
Êàê-òî íå óãàäûâàåòñÿ áîëüøîé èíèöèàòèâû áåëûõ ïîñëå} 21... Nd5 $5 {
Õîòÿ äàâàéòå âñ¸ æå ïîàíàëèçèðóåì.} 22. Ne4 ({èëè} 22. Nxd5 Bxd5 23. Qxc5 O-O {
è ò.ä.}) 22... Nb4 23. Rxe6+ $5 fxe6 24. Nd6+ Kd7 (24... Kd8 25. Nxb7+ Kc7 26.
Qe4 $44 {, íàäåþñü}) (24... Kf8 25. Qxc5 Kg8 26. Nxb7 $13) 25. Qg6 Kc6 26. Rd1
$5 Bf8 27. Nf7 Kb6 28. Qxe6+ Bc6 29. Nxh8 Qa2 30. Bf1 {
Ïîëíîå ìàòåðèàëüíîå  ðàâåíñòâî è àáñîëþòíûé õàîñ íà äîñêå!}) 22. Rfd1 O-O-O {
×òî-òî ÿ ñëèøêîì ê õîäàì ÷¸ðíûõ ïðèäèðàþñü, íî è ýòî ïðîäîëæåíèå êàæåòñÿ
ìíå ñëåãêà íåêîíêðåòíûì.} ({
Íàâåðíîå, ýòî äàâèò ðåòðîñïåêòèâà. Ïîýòîìó óêàæó íà âðîäå áû «ðûáó»} 22...
Nxe5 $5 23. Nxb5 $1 axb5 ({èëè} 23... O-O 24. Qxc5 axb5 25. Bxe5 b4 26. Qxa5
Rxa5 27. Bxg7 Kxg7 28. Rb6 Bd5 29. Rxb4 $11 {Âðîäå òàê}) 24. Bxe5 Bxe5 25. Qxc5
Bxd6 26. Bxb5+ $1 {È ïîëó÷àåòñÿ âå÷íûé øàõ.} Ke7 ({èëè} 26... Kf8 27. Rxd6
Kg7 28. Qg5+ Kf8 29. Qc5) 27. Qxd6+ Kf6 28. Qf4+ Kg7 29. Qg5+ Kf8 30. Qc5+ {
Íî ïðîäîëæèì.}) 23. Ne4 {Ïîçèöèÿ áåëûõ âñ¸ ãðîçíåå, êîìïåíñàöèÿ âñ¸ áîëüøå.
Êàê òåïåðü çàùèùàòü ïåøêó íà ñ7?} Qc7 {
Èíñòèíêòèâíî ñáèâàÿñü (ïåðåä ÿâíî æåðòâåííîé  ãðîçîé) â êó÷êó.} ({Ïîïûòêà} 
23... Qb4 {ïàðèðîâàëàñü ïîñðåäñòâîì} 24. R1d4 $1 ({çàñëóæèâàåò âíèìàíèÿ è} 24.
Ng5 $5) 24... Qe1+ (24... Bxe4 25. Qxe4 cxd4 26. Rc6+) 25. Bf1 Qa5 ({åñëè} 
25... Bxe4 {, òî} 26. Rxe4 Qa5 27. b4 $36) 26. Nxc5 Nxc5 27. Qxc5+ Qc7 28. Qa7
{- áåëûå äàâÿò, «èíèöèàòèâÿò», àòàêóþò...}) ({
À åñëè ïîïûòàòüñÿ âûáèòü ëàäüþ äèâåðñàíòêó -} 23... Bf8 {, òî} 24. Nxc5 Qc7
$140 25. Qb2 $1 {, è áåëûå âûèãðûâàþò ôåðçÿ.} Qxc5 26. Rc1 Bxd6 27. exd6 Qc6 {
Íî íå ñðàçó...} 28. Qa3 $1 Nb8 $1 ({ñëàáåå} 28... Qxc1+ 29. Qxc1+ Kb8 30. Qc7+
Ka8 31. Bf4 $1 {ñ èäååé óñòàíîâèòü ñëîíîâ íà å4 è å3. Òî åñòü} e5 ({åñëè} 31...
Nb8 {, òî ïàäàåò åù¸ îäíà ïåøêà -} 32. Qxf7 {è ò.ä.}) 32. Be3 Nb8 33. Bd3 Rd7
34. Qc5 Nc6 35. Bf5 Rdd8 36. Be4 $18) 29. Bd3 f5 30. Qb2 {
, ãîòîâÿ ñâîåìó  ôåðçþ (ïîñëå óäàðà íà ñ6) äîðîæêó â òûë ïðîòèâíèêà.}) 24. Nf6
Nxe5 ({Ïðèíöèïèàëüíûì âûãëÿäèò} 24... Bxf6 25. exf6 Qa5 {
Óâîä ñèëüíåéøåé ôèãóðû èç-ïîä ðåíòãåíà êàæåòñÿ âåñüìà ðàçóìíûì.} ({à åñëè} 
25... e5 {, òî ïîìèìî âñÿêèõ ïðîôèëàêòèê, íåïëîõî è ðåçêîå} 26. Qf5 $5 (26. Kh2
$5) (26. R1d2 $5) 26... Bc6 $140 27. Bxe5 $5 {Æåðòâóÿ ôèãóðó!} Rhe8 28. Bg3
Rxe2 29. Qxh5 Ree8 ({ýõ, åñëè áû ñîïåðíèê ïîçâîëÿë âûòâîðÿòü íå÷òî íàïîäîáèå} 
29... Qb7 30. Qxc5 $3 Re1+ (30... Nxc5 $4 31. Rxd8#) 31. Kh2 $18 {,òî áèøü:}
Re6 32. Rxd7 $1 Qxd7 33. Qb6 $3 Bb7 (33... Qxd1 $4 34. Qc7#) 34. Rc1+ Rc6 35.
Qa7 $3 {Êð-ð-ðàñîòà!}) (29... Kb8 $4 30. Rxc6 $18) (29... Kb7 30. Qxf7 $44 {
×óþ ;) ÷òî ýòî òàê}) 30. Qxf7 {
, è ïðîõîäíàÿ «f», ïî-ìîåìó, âñ¸ êîìïåíñèðóåò.}) {À òåïåðü...} 26. Bf1 $3 {
È ÷¸ðíûå íåîæèäàííî îêàçûâàþòñÿ â öóãöâàíãå!} Bd5 ({
íå îñîáî ðàäóþò è äðóãèå âîçìîæíîñòè -} 26... Ba8 27. Rxd7 $1 Rxd7 28. Rxd7
Kxd7 29. Qxc5 $40) (26... Qb4 27. Qd3 $18) (26... Rhe8 27. Rxd7 $1 Rxd7 28.
Qxc5+ Rc7 29. Qxh5 $16) 27. R1xd5 $1 exd5 28. Qf5 Qc7 (28... Qd2 29. Rb6 {
, è ìàò}) 29. Rxa6 Qb7 30. Ra5 {, è ÷¸ðíûå ôàëàíãó áüþò ñ îáåèõ ôëàíãîâ.})
25. Bxe5 {È â êîíöå ôîðñèðîâàííîãî âàðèàíòà ÷¸ðíûå îñòàþòñÿ áåç ôèãóðû.} Rxd6
26. Rxd6 Bxf6 27. Bxf6 {
Ýòî íàçûâàåòñÿ «áàø íà áàø»: «Ëàäüÿ áåç çàùèòû? Ëàäüÿ ïîä áîåì!»} Qxd6 28.
Bxh8 Qd5 29. Bf1 {Êàê ìû âèäèì, äëÿ îòðàæåíèÿ óãðîç, ñîçäàííûìè îáúåäèíåííûìè
óñèëèÿìè ÂÑÅÕ ÷¸ðíûõ ôèãóð õâàòèò òîëüêî îäíîãî ýòîãî ñëîíà. Çíà÷èò, âñå
îñòàëüíûå «áåëûå» ïåðñîíàæè (à èõ åù¸ íåìàëî îñòàëîñü) ìîãóò çàíÿòüñÿ îõîòîé
íà âðàæåñêîãî êîðîëÿ} Kc7 30. Qc3 {
Òà ñàìàÿ îõîòà áóäåì ïðîõîäèòü èñêëþ÷èòåëüíî ïî ÷¸ðíûì ïîëÿì.} Kb6 31. b4 $1
c4 ({Íåëüçÿ} 31... cxb4 32. Bd4+ Ka5 33. Qa1+) 32. Qa1 Kc6 (32... f5 33. Bd4+
Kc6 34. Be5 Kd7 $140 35. Bf4 {, îòêðûâàÿ ôåðçþ äîðîãó â òûë ñîïåðíèêà.}) 33.
Qf6 Qd7 {Íå îòäàâàòü æå ïåøêó íà f7?} ({Âïðî÷åì, ïîêà áåëûå êóøàþò ýòó
ïåøå÷êó, ÷¸ðíûå ìîãóò ïîïûòàòüñÿ ñîçäàòü êîíòðèãðó -} 33... Kb6 34. Qxf7 a5
35. bxa5+ Kxa5 {Îäíàêî ñëåäóåò} 36. Qe7 $1 b4 $140 (36... Kb6 37. Bc3 {
, è êîíòðèãðà çàêàí÷èâàåòñÿ ïøèêîì}) 37. Qc7+ Kb5 38. Bxc4+ $1) 34. Qh6 {
À òåïåðü ïîä áîåì äðóãàÿ, íî òîæå «êîðíåâàÿ» ïåøêà.} Qd5 35. Qf8 $1 Qf5 ({
Ïîñëå} 35... f5 36. Bc3 {áåëûå ëåãêî ñîáüþò ñ äîñêè êåãëþ, ñòîÿùóþ íà ïîëå
h5, ïîñëå ÷åãî èõ ïåøêà «h» ë¸ãêîé ðûñöîé ïîáåæèò â ôåðçè.}) 36. Qe8+ Kc7
37. Qe7+ {×¸ðíûå ñäàëèñü. È íå çðÿ.} ({
Íàãíåòàíèå áåëûìè «÷åðíîïîëüíîé èñòåðèè» áóäåò âïîëíå óñïåøíûì. Ê ïðèìåðó,} 
37. Qe7+ Kc8 ({èëè} 37... Kb8 38. Qd6+ Kc8 39. Be5 $18) 38. Bf6 Bc6 $140 39.
Qf8+ Kb7 40. Qxf7+ Kc8 41. Qg8+ Kc7 42. Qg7+ Bd7 43. Be5+ Kd8 44. g3 $1 {
, è ÷òî äåëàòü ÷¸ðíûì äàëüøå íèêàêàÿ Rybka íå ïîäñêàæåò.}) 1-0